Democracy / (Record no. 5587)

MARC details
000 -LEADER
fixed length control field 01210nam a22002417a 4500
001 - CONTROL NUMBER
control field 5587
003 - CONTROL NUMBER IDENTIFIER
control field FISKH
005 - DATE AND TIME OF LATEST TRANSACTION
control field 20241219110510.0
008 - FIXED-LENGTH DATA ELEMENTS--GENERAL INFORMATION
fixed length control field 241219b cb ||||| |||| 00| 0 eng d
020 ## - INTERNATIONAL STANDARD BOOK NUMBER
International Standard Book Number 9780521701532
040 ## - CATALOGING SOURCE
Original cataloging agency FISKH
Language of cataloging eng
Transcribing agency FISKH
Modifying agency FISKH
050 ## - LIBRARY OF CONGRESS CALL NUMBER
Classification number JC423.T5
082 ## - DEWEY DECIMAL CLASSIFICATION NUMBER
Classification number 321.8
100 ## - MAIN ENTRY--PERSONAL NAME
Personal name Tilly, Charles
245 ## - TITLE STATEMENT
Title Democracy /
Statement of responsibility, etc. by Charles Tilly
250 ## - EDITION STATEMENT
Edition statement First published 2007
260 ## - PUBLICATION, DISTRIBUTION, ETC.
Place of publication, distribution, etc. New York :
Name of publisher, distributor, etc. Cambridge University Press ;
Date of publication, distribution, etc. 2007.
300 ## - PHYSICAL DESCRIPTION
Extent 234 pages :
Other physical details illustrations ;
Dimensions 24 cm .
520 ## - SUMMARY, ETC.
Summary, etc. Democracy identifies the general processes causing democratization and de-democratization at a national level across the world over the last few hundred years. It singles out integration of trust networks into public politics, insulation of public politics from categorical inequality, and suppression of autonomous coercive power centres as crucial processes. Through analytic narratives and comparisons of multiple regimes, mostly since World War II, this book makes the case for recasting current theories of democracy, democratization and de-democratization.<br/>▾Members
650 ## - SUBJECT ADDED ENTRY--TOPICAL TERM
Topical term or geographic name entry element democratization
Form subdivision Non-fiction
942 ## - ADDED ENTRY ELEMENTS (KOHA)
Source of classification or shelving scheme Dewey Decimal Classification
Koha item type Books
Suppress in OPAC No
Holdings
Withdrawn status Lost status Source of classification or shelving scheme Damaged status Not for loan Collection Home library Current library Shelving location Date acquired Total Checkouts Full call number Barcode Date last seen Price effective from Koha item type
    Dewey Decimal Classification     Non-Fiction Footprints International School Library Network Toul Kork Campus Footprints International School Library Network Toul Kork Campus TTP Secondary Non-Fiction Bookshelves 12/19/2024   TIL 321.8 JC423.T5 FISSE01606 12/19/2024 12/19/2024 Books